Základy účetnictví

Účtovný cyklus - účtovné práce od začiatku do konca účtovného obdobia. Jednotlivé činnosti účtovného cyklu. Zachytenie účtovných transakcií na účtovnom doklade. Obeh a klasifikácia účtovných dokladov.

Salvato in:
Dettagli Bibliografici
Autore principale: Dvořáková, Dana
Natura: Capitolo di libro
Lingua:ceco
Soggetti:
Tags: Aggiungi Tag
Nessun Tag, puoi essere il primo ad aggiungerne!!

MARC

LEADER 00000naa$a2200000$$$4500
001 0075614
005 20230925090905.2
041 0 |a cze 
044 |a CZ 
245 1 0 |a Základy účetnictví  |c Dana Dvořáková 
520 |a Účtovný cyklus - účtovné práce od začiatku do konca účtovného obdobia. Jednotlivé činnosti účtovného cyklu. Zachytenie účtovných transakcií na účtovnom doklade. Obeh a klasifikácia účtovných dokladov. 
610 2 0 |a účtovníctvo 
610 2 0 |a obdobie účtovné 
610 2 0 |a doklady účtovné 
610 2 0 |a kontrola 
610 2 0 |a klasifikácia 
100 1 |a Dvořáková, Dana